000 00981nam a2200253Ia 4500
003 OSt
005 20220923213225.0
006 a|||||r|||| 00| 0
007 ta
008 220922b |||||||| |||| 00| 0 hin d
024 _a159,979
037 _cTextual
040 _aARTS
_cARTS
_bhin
041 _2hin
_ahin
082 _aO152,1(Q224):g, K5
100 _aशुक्ल, विश्वनाथ
245 0 _aहिन्दी कृष्ण भक्ति काव्य पर श्रीमद्भागवत का प्रभाव (14 वीं से 17 वीं शती तक)
246 _aHindī kṛuṣhṇa bhakti kāvya par shrīmadbhāgavat kā prabhāv (14 vīan se 17 vīan shatī taka)
260 _c1965
300 _a274पृ.
_ccm.
650 _aहिन्दी साहित्य
_9156264
942 _hO152,1(Q224):g, K5
_cTEXL
_2CC
999 _c314726
_d314726